U.S. Cities by Picture - A - Statistics

General Stats
  • This quiz has been taken 42 times
  • The average score is 9 of 15
Answer Stats
Picture Answer % Correct
Anaheim
87%
Arlington
85%
Atlanta
85%
Anchorage
82%
Ann Arbor
79%
Augusta
74%
Austin
67%
Albuquerque
62%
Akron
49%
Albany
49%
Atlantic City
49%
Auburn
46%
Annapolis
41%
Aurora
41%
Asheville
26%
No matching quizzes found
Score Distribution
Percent of People with Each Score
Percentile by Number Answered
Your Score History
You have not taken this quiz